书目信息 |
| 题名: |
图解神农本草经
|
|
| 作者: | ;健康大学堂编委会 编著 | |
| 分册: | ||
| 出版信息: | 石家庄 河北科学技术出版社 2013.09 |
|
| 页数: | 12,492页 | |
| 开本: | 24cm | |
| 丛书名: | 生活新实用 | |
| 单 册: | ||
| 中图分类: | R281.2 | |
| 科图分类: | ||
| 主题词: | ||
| 电子资源: | ||
| ISBN: | 978-7-5375-6029-0 | |
| 000 | 00958oam2 2200277 450 | |
| 001 | 0120131146866 | |
| 005 | 20140611150529.87 | |
| 010 | @a978-7-5375-6029-0@dCNY68.00 | |
| 100 | @a20131016d2013 em y0chiy0110 ea | |
| 101 | 0 | @achi |
| 102 | @aCN@b130000 | |
| 105 | @aak z 001yy | |
| 106 | @ar | |
| 200 | 1 | @a图解神农本草经@9tu jie shen nong ben cao jing@e最新权威专家审订畅销版@f健康大学堂编委会编著 |
| 210 | @a石家庄@c河北科学技术出版社@d2013.09 | |
| 215 | @a12,492页@d24cm | |
| 225 | 2 | @a生活新实用 |
| 330 | @a本书精选300幅栩栩如生的彩色植物手绘图,并对植物的根、茎、叶、化、子等部位做详细的牵线说明,植物各部位的药性一目了然。 | |
| 333 | @a中医工作者 | |
| 461 | 0 | @12001 @a生活新实用@1701 0@a赵庆新@4主编 |
| 605 | @a《神农本草经》@x译文 | |
| 605 | @a《神农本草经》 | |
| 690 | @aR281.2@v5 | |
| 711 | 02 | @a健康大学堂编委会@9jian kang da xue tang bian wei hui@4编著 |
| 801 | 0 | @aCN@b人天书店@c20131016 |
| 905 | @b845761-63@dR281.2@e317@f3 | |
| 图解神农本草经:最新权威专家审订畅销版/健康大学堂编委会编著.-石家庄:河北科学技术出版社,2013.09 |
| 12,492页;24cm.-(生活新实用) |
| 使用对象:中医工作者 |
| ISBN 978-7-5375-6029-0:CNY68.00 |
| 本书精选300幅栩栩如生的彩色植物手绘图,并对植物的根、茎、叶、化、子等部位做详细的牵线说明,植物各部位的药性一目了然。 |
| ● |
| 相关链接 |
|
|
|
|
正题名:图解神农本草经
索取号:R281.2/317
 
预约/预借
| 序号 | 登录号 | 条形码 | 馆藏地/架位号 | 状态 | 备注 |
| 1 | 845761 | 208457613 | 第二样本阅览室/ [索取号:R281.2/317] | 在馆 | |
| 2 | 845762 | 208457622 | 第三借阅区/ [索取号:R281.2/317] | 在馆 | |
| 3 | 845763 | 208457631 | 密集书库-生命科学系/ [索取号:R281.2/317] | 在馆 |